000 00585cam a22001577a 4500
008 180718b2013 xxu||||| |||| 00| 0 eng d
020 _a9781781908884
082 _aI513 Z2/9
245 _aIndividual sources, dynamics, and expressions of emotion , vol.9
_cedited by Wilfred J. Zerbe, Neal M. Ashkanasy and Charmine E. J. Hartel
260 _aIndia
_bEmerald
_c2013
300 _a343p.
650 _aOrganizational behavior
650 _aPsychology, Industrial
650 _aWork -- Psychological aspects
700 _aZerbe, Wilfred J. , Ashkanasy , Neal M. and Hartel, Charmine E.J.
999 _c445535
_d445535